000 00497nam a2200145 4500
999 _c13279
_d13279
008 190221b ||||| |||| 00| 0 eng d
022 _a16565649
082 _aDPer 303.405 H22 June -Sept 2016 v.12 n. 7-10
100 _aHongzuo, Liu.
_937111
245 _aThe smart sportsperson's guide to devices/
_c Liu Hongzuo.
260 _aQuezon City:
_bHardware Zone Phils. Corp.,
_c©June -Sept 2016.
300 _av12 n7, page 75:
_billustrations;
_c28 cm.
650 _aSports.
_937112
942 _2ddc
_cPER